01081cam a22003014i 4500003000900000005001700009008004100026020001500067020001800082035002700100040004400127041001300171082001500184100002900199245020800228250001800436264003900454300005600493504004000549504003400589526000900623526000900632526000800641526000800649526000800657534008600665700002800751PE-LiUPU20250731183352.0110915s2010 sp a rb 001 0 spa d a8425215668 a9788425215667 a(Sirsi) i9788425215667 aPEUPCbspacPEUPCdOCLCQdPE-LiUPUerda1 aspaheng04a741.6bS191 aSamara, Timothy,eautor.10aDiseñar con y sin retícula :bcomprender la estructura y la libertad en el diseño, pasando de la teoría a las aplicaciones en el mundo real /cTimothy Samara ; versión castellana Mela Dávila. a1a edición. aBarcelona :bGustavo Gili ,c2004. a207 páginas :bilustraciones ;c28 centímetros. aBibliografía : páginas 206-207. aÍndice : páginas 204-205. aP158 aP146 aP17 aP12 aP06 aTt̕ulo original: Making and breaking the grid : a graphic design layout wokshop.1 aDávila, Mela,editor.